| 000 | 00413nam a22001697a 4500 | ||
|---|---|---|---|
| 003 | NUST - PNEC | ||
| 005 | 20170116180830.0 | ||
| 008 | 150730b xxu||||| |||| 00| 0 eng d | ||
| 020 | _a0878915338 | ||
| 040 | _cLIBRARY | ||
| 082 | _a515 FOG | ||
| 100 |
_94556 _aFogiel |
||
| 245 |
_aThe Advanced calculus problem solver _cDr. M.fogiel |
||
| 260 | _cc1981. | ||
| 650 |
_94557 _aCalculus _xME |
||
| 942 |
_2ddc _cBK |
||
| 999 |
_c63987 _d63987 |
||